Wolfville Nights (Record no. 242964)
[ view plain ]
| 000 -LEADER | |
|---|---|
| fixed length control field | 01439cam a22002893a 4500 |
| 001 - CONTROL NUMBER | |
| control field | 13709 |
| 003 - CONTROL NUMBER IDENTIFIER | |
| control field | PGUSA |
| 005 - DATE AND TIME OF LATEST TRANSACTION | |
| control field | 20140828083308.0 |
| 008 - FIXED-LENGTH DATA ELEMENTS--GENERAL INFORMATION | |
| fixed length control field | 041011s2004||||xxu|||||s|||||000 1 eng d |
| 040 ## - CATALOGING SOURCE | |
| Original cataloging agency | PGUSA |
| Language of cataloging | eng |
| 042 ## - AUTHENTICATION CODE | |
| Authentication code | dc |
| 050 #4 - LIBRARY OF CONGRESS CALL NUMBER | |
| Classification number | PS |
| 100 1# - MAIN ENTRY--PERSONAL NAME | |
| Personal name | Lewis, Alfred Henry, |
| Dates associated with a name | 1857-1914 |
| 245 10 - TITLE STATEMENT | |
| Title | Wolfville Nights |
| Medium | [electronic resource] / |
| Statement of responsibility, etc | Alfred Henry Lewis |
| 260 ## - PUBLICATION, DISTRIBUTION, ETC. (IMPRINT) | |
| Name of publisher, distributor, etc | Project Gutenberg, |
| Date of publication, distribution, etc | 2004 |
| 505 0# - FORMATTED CONTENTS NOTE | |
| Formatted contents note | Some cowboy facts -- The dimissal of Silver Phil -- Colonel Sterett's panther hunt -- How Faro Nell dealt bank -- How the Raven died -- The queerness of Dave Tutt -- With the Apache's compliments -- The mills of savage gods -- Tom and Jerry, wheelers -- The influence of Faro Nell -- The ghost of the Bar-B-8 -- Tucson Jennie's correction -- Bill Connors of the Osages -- When Tutt first saw Tucson -- The troubles of Dan Boggs -- Bowlegs and Major Ben -- Toad Allen's elopement -- The clients of Aaron Green -- Colonel Sterett's marvels -- The luck of Hardrobe -- Long ago on the Rio Grande -- Colonel Coyote Clubbs. |
| 506 ## - RESTRICTIONS ON ACCESS NOTE | |
| Terms governing access | Public domain in the USA. |
| 516 ## - TYPE OF COMPUTER FILE OR DATA NOTE | |
| Type of computer file or data note | Electronic text |
| 653 ## - INDEX TERM--UNCONTROLLED | |
| Uncontrolled term | Ranch life -- Fiction |
| 653 ## - INDEX TERM--UNCONTROLLED | |
| Uncontrolled term | Arizona -- Social life and customs -- Fiction |
| 653 ## - INDEX TERM--UNCONTROLLED | |
| Uncontrolled term | Humorous stories, American |
| 653 ## - INDEX TERM--UNCONTROLLED | |
| Uncontrolled term | Cowboys -- Fiction |
| 653 ## - INDEX TERM--UNCONTROLLED | |
| Uncontrolled term | Western stories |
| 830 #0 - SERIES ADDED ENTRY--UNIFORM TITLE | |
| Uniform title | Project Gutenberg |
| Volume number/sequential designation | 13709 |
| 856 40 - ELECTRONIC LOCATION AND ACCESS | |
| Uniform Resource Identifier | <a href="http://www.gutenberg.org/ebooks/13709">http://www.gutenberg.org/ebooks/13709</a> |
| 942 ## - ADDED ENTRY ELEMENTS (KOHA) | |
| Koha item type | eBooks |
| Withdrawn status | Lost status | Damaged status | Home library | Current library | Date acquired | Total Checkouts | Date last seen | Price effective from | Koha item type |
|---|---|---|---|---|---|---|---|---|---|
| Project Gutenberg | Project Gutenberg | 08/28/2014 | 08/28/2014 | 08/28/2014 | eBooks |